[Event "TUR Cup"]
[Site "Denizli"]
[Date "2023.07.22"]
[Round "9"]
[White "Dagdelen, Ahmet Aras"]
[Black "Turkmen, Ataberk"]
[Result "0-1"]
[WhiteElo "1248"]
[BlackElo "1960"]
[PlyCount "76"]
[EventDate "2023.07.16"]
[EventType "team-tourn"]
[EventRounds "9"]
[EventCountry "TUR"]
[SourceTitle "CBM 215 Extra"]
[Source "ChessBase"]
[SourceDate "2023.09.30"]
[SourceVersion "1"]
[SourceVersionDate "2023.09.30"]
[SourceQuality "1"]

1. d4 Nf6 2. Bf4 d6 3. e3 g6 4. h3 Bg7 5. Nf3 0-0 6. Be2 Nbd7 7. Bh2 b6 8. c4 Bb7 9. 0-0 Ne4 10. Nfd2 Nxd2 11. Qxd2 e5 12. d5 f5 13. Nc3 a5 14. Qc2 Nc5 15. b3 f4 16. e4 Bc8 17. f3 g5 18. a3 a4 19. b4 Nb3 20. Rab1 Nd4 21. Qd2 h5 22. Kh1 g4 23. Bd1 gxh3 24. gxh3 Bxh3 25. Rg1 Kh7 26. Qd3 Bf6 27. Ne2 Nxe2 28. Bxe2 Bh4 29. Bf1 Bd7 30. Rb2 Bg3 31. Qc3 Qh4 32. c5 bxc5 33. bxc5 Bf2 34. cxd6 Bxg1 35. Kxg1 Rg8+ 36. Kh1 cxd6 37. Qc7 Rg7 38. Rg2 Rag8 0-1